MARC

LEADER 00000nam0a2200000 4500
001 298756
005 20231102001133.0
035 |a (RuTPU)RU\TPU\book\323899 
090 |a 298756 
100 |a 20150620d1974 m y0rusy50 ca 
101 0 |a rus 
102 |a RU 
105 |a a z 001zy 
200 1 |a Физико-химические основы сталеплавильных процессов  |f И. И. Борнацкий 
210 |a Москва  |c Металлургия  |d 1974 
215 |a 320 с.  |c ил. 
320 |a Библиогр.: с. 311-319 
606 1 |a Сталеплавильные процессы  |2 stltpush  |3 (RuTPU)RU\TPU\subj\56222  |9 74136 
610 1 |a металлургическая промышленность 
610 1 |a сталеплавильное производство 
610 1 |a химическая термодинамика 
610 1 |a физическая химия 
610 1 |a металлы 
610 1 |a сплавы 
610 1 |a физико-химические свойства 
610 1 |a расплавленные металлы 
610 1 |a шлаки 
610 1 |a огнеупоры 
610 1 |a металлические фазы 
610 1 |a газовые фазы 
610 1 |a мартеновские процессы 
610 1 |a кислородно-конверторные процессы 
610 1 |a электроплавильные шлаки 
610 1 |a раскисление 
610 1 |a сталь 
610 1 |a плавка 
610 1 |a внепечная обработка 
610 1 |a вакуумирование 
610 1 |a кристаллизация 
610 1 |a вакуумно-дуговой переплав 
610 1 |a электрошлаковый переплав 
610 1 |a плазменно-дуговой переплав 
610 1 |a библиотека А. Г. Стромберга 
675 |a 669.18:54  |v 4 
700 1 |a Борнацкий  |b И. И.  |g Иван Иванович 
801 1 |a RU  |b 63413507  |c 20150620 
801 2 |a RU  |b 63413507  |c 20170914  |g RCR 
942 |c BK